The sexual outlaw : a documentary : a non-fiction account, with commentaries, of three days and nights in the sexual underground /

সংরক্ষণ করুন:
গ্রন্থ-পঞ্জীর বিবরন
প্রধান লেখক: Rechy, John
বিন্যাস: গ্রন্থ
ভাষা:ইংরেজি
প্রকাশিত: New York : Grove Press, 1984
ট্যাগগুলো: ট্যাগ যুক্ত করুন
কোনো ট্যাগ নেই, প্রথমজন হিসাবে ট্যাগ করুন!

MARC

LEADER 00000nam a22000007i 4500
001 IT\ICCU\UBO\3802538
003 ItRI
005 20260115232005.0
008 100629s1984 xxu|||||| ||||| |||||c
020 |a 9780802131638 
040 |b ita  |c importazione bologna sebina 
041 7 |a eng  |2 ISO-639-2 
100 1 |a Rechy, John  |0 IT\ICCU\RAVV\067902 
245 1 4 |a The sexual outlaw :  |b a documentary : a non-fiction account, with commentaries, of three days and nights in the sexual underground /  |c by John Rechy. 
260 |a New York :  |b Grove Press,  |c 1984 
300 |a 307 p. ;  |c 25 cm. 
942 |2 ddc  |c BK  |n 0 
952 |0 0  |1 0  |4 0  |6 DOC_306_743000000000000_REC  |7 0  |9 18564  |a BO  |b BO  |d 2026-01-15  |i 13935  |l 0  |o DOC 306.743 REC  |p BO13935  |r 2026-01-15 23:20:05  |w 2026-01-15  |x [Sebina 5] [1 v.]  |y BK  |z 1 v. 
999 |c 15728  |d 15728